000
00302nam a2200133Ia 4500
008
240624s9999 xx 000 0 und d
041
_a
eng
082
_a
823 BAL
100
_a
BALDACCI DAVID
245
_a
CHRISTMAS TRAIN
260
_c
2003
_a
New York
_b
Pan Books
300
_a
260p. ; 18cm.
365
_c
999
_c
3971
_d
3971